000 01051nam a2200229Ia 4500
003 Ost
005 20260507075037.0
008 260507s9999||||xx |||||||||||||| ||und||
040 _cfsecg
041 _aara
082 _a330
100 _aأيوب، سميرة ابراهيم
_eمؤلف
245 0 _aصندوق النقد الدولي وقضية الإصلاح الاقتصادي والمالي :
_bدراسة تحليلية وتقييمية /
_c سميرة ابراهيم أيوب
260 _aالاسكندرية:
_bمركز الاسكندرية,
_c2006
300 _a359 صفحة؛
_bإيضاحات ؛
_c24 سم
504 _aببلوغرافيا ص.344
520 _aالاصلاح الاقتصادي في الدول النامية الاطار والاستراتيجية-صندوق النقد الدولي وقضية الاصلاح الاقتصادي والمالي في مصر
653 _aالاصلاح النقدي
653 _aالسياسة المالية
653 _aصندوق النقد الدولي
942 _cكتاب
999 _c42467
_d42467